[Event "Wch Seniors 50 29th"]
[Site "Bucharest"]
[Date "2019.11.19"]
[Round "7"]
[White "Filipovich, David"]
[Black "Tazlaoanu, Cezar"]
[Result "1-0"]
[WhiteElo "2050"]
[BlackElo "1901"]
[PlyCount "73"]
[EventDate "2019.11.12"]
[EventType "swiss"]
[EventRounds "11"]
[EventCountry "ROU"]
[SourceTitle "CBM 193 Extra"]
[Source "ChessBase"]
[SourceDate "2020.01.31"]
[SourceVersion "1"]
[SourceVersionDate "2020.01.31"]
[SourceQuality "1"]

1. Nf3 e6 2. g3 d5 3. Bg2 c5 4. 0-0 Nc6 5. d4 Qb6 6. dxc5 Bxc5 7. Nc3 Bb4 8. Na4 Qc7 9. a3 Bd6 10. Nc3 a6 11. e4 dxe4 12. Nxe4 Be7 13. Bg5 f6 14. Be3 f5 15. Nc5 b6 16. Bf4 Qa7 17. Ne5 Nxe5 18. Bxa8 Qxa8 19. Bxe5 bxc5 20. Bxg7 Bf6 21. Qh5+ Ke7 22. Bxh8 h6 23. Bxf6+ Kxf6 24. Qh4+ Kg6 25. Rad1 Qf3 26. Rd3 Qb7 27. Re1 Nf6 28. Rd8 Bd7 29. Rxd7 Qxd7 30. Qc4 Ne4 31. h4 Kf6 32. Qxa6 Qd4 33. Qe2 c4 34. Qe3 Qd2 35. Qxd2 Nxd2 36. Ra1 Ke7 37. a4 1-0

[Event "World Amateur-ch"]
[Site "Iasi"]
[Date "2013.04.30"]
[Round "9"]
[White "Tazlaoanu, Cezar"]
[Black "Stefanova, Milena"]
[Result "0-1"]
[WhiteElo "1852"]
[BlackElo "1996"]
[PlyCount "152"]
[EventDate "2013.04.22"]
[EventType "swiss"]
[EventRounds "9"]
[EventCountry "ROU"]
[SourceTitle "CBM 154 Extra"]
[Source "ChessBase"]
[SourceDate "2013.06.25"]
[SourceVersion "2"]
[SourceVersionDate "2013.06.25"]
[SourceQuality "1"]

1. Nf3 d5 2. d4 c6 3. c4 a6 4. c5 a5 5. Nc3 Nf6 6. e3 g6 7. Bd3 Bg7 8. Qa4 0-0 9. 0-0 Qc7 10. b4 Nbd7 11. b5 e5 12. b6 Qb8 13. Be2 Ne4 14. Bb2 Nxc3 15. Bxc3 e4 16. Nd2 Nxc5 17. Qa3 Nd3 18. Bxa5 c5 19. Bxd3 exd3 20. Qxc5 Bd7 21. Bb4 Bc6 22. Qc3 Rc8 23. Qxd3 Ra6 24. Bc5 Ra5 25. Rfc1 Qa8 26. a3 Bb5 27. Qb3 Bc6 28. Qa2 Bf6 29. Nb3 Ra6 30. Qd2 Bd8 31. Qb4 Ra4 32. Qd2 Qa6 33. h3 Bxb6 34. Bxb6 Qxb6 35. Nc5 Raa8 36. Rcb1 Qc7 37. Qb4 Rab8 38. a4 Qe7 39. a5 Ra8 40. Nd3 Qe4 41. Nc5 Qe7 42. Nxb7 Qxb4 43. Rxb4 Rcb8 44. a6 Rxb7 45. axb7 Rxa1+ 46. Kh2 Bxb7 47. Rxb7 Ra5 48. Rc7 Ra6 49. Rd7 Ra5 50. Kg3 Kg7 51. f3 Kf6 52. e4 dxe4 53. fxe4 Ra3+ 54. Kf2 Ra2+ 55. Kf3 Ra3+ 56. Kf2 Ra2+ 57. Kg1 Ke6 58. Rd8 Ke7 59. Rd5 Ke6 60. g4 h6 61. h4 Re2 62. Re5+ Kd6 63. Kf1 Rd2 64. Rd5+ Ke6 65. Ke1 Rg2 66. g5 h5 67. Re5+ Kd6 68. Re8 Kd7 69. Re5 Rh2 70. Kf1 Rxh4 71. Kg2 Rf4 72. Kg3 Rf1 73. Ra5 Re1 74. Kf4 h4 75. Ke5 h3 76. Ra3 h2 0-1

[Event "World Amateur-ch"]
[Site "Iasi"]
[Date "2013.04.29"]
[Round "8"]
[White "Antal, Istvan"]
[Black "Tazlaoanu, Cezar"]
[Result "0-1"]
[WhiteElo "1991"]
[BlackElo "1852"]
[PlyCount "96"]
[EventDate "2013.04.22"]
[EventType "swiss"]
[EventRounds "9"]
[EventCountry "ROU"]
[SourceTitle "CBM 154 Extra"]
[Source "ChessBase"]
[SourceDate "2013.06.25"]
[SourceVersion "2"]
[SourceVersionDate "2013.06.25"]
[SourceQuality "1"]

1. d4 Nf6 2. Nf3 d5 3. c4 e6 4. Nc3 Be7 5. Bg5 h6 6. Bxf6 Bxf6 7. e3 0-0 8. Bd3 c6 9. 0-0 Nd7 10. Rc1 Re8 11. Qd2 dxc4 12. Bxc4 e5 13. dxe5 Nxe5 14. Qxd8 Nxf3+ 15. gxf3 Rxd8 16. Rfd1 Bh3 17. Bf1 Be6 18. a3 Bb3 19. Rxd8+ Rxd8 20. Ne4 Be7 21. Bc4 Rd1+ 22. Rxd1 Bxd1 23. f4 b5 24. Bd3 a5 25. Kf1 Kf8 26. Ke1 Bg4 27. Kd2 Ke8 28. Ng3 Bd7 29. Bf5 g6 30. Bxd7+ Kxd7 31. f5 Kd6 32. Kd3 Kd5 33. f4 c5 34. e4+ Kc6 35. b3 h5 36. fxg6 fxg6 37. Ne2 c4+ 38. bxc4 Bxa3 39. cxb5+ Kxb5 40. Nd4+ Kc5 41. Nb3+ Kb4 42. f5 Kxb3 43. f6 Bb2 44. f7 Bg7 45. e5 a4 46. e6 Bf8 47. Ke4 a3 48. Ke5 a2 0-1